000
00249 a2200097 4500
001
41761
100
_a
Shakespeare W
245
_a
The Phys and Sonnets of William Shakespeare
260
_a
London
_b
Encyclopedia Britannica
_c
090
_c
25873
_d
25873
942
_a
NUST-CAE
_c
M
_c
17639
999
_c
276834
_d
276834